Name the Nba Player - Statistics

General Stats
  • This quiz has been taken 35 times
    19 since last reset
  • The average score is 11 of 15
Answer Stats
hints Answer % Correct
my brother is Moses Malone Karl Malone
100%
Black mamba Kobe Bryant
100%
the g.o.a.t Michael Jordan
100%
100 points Wilt chamberlain
100%
snake from oklahoma Kevin Durant
90%
pacer sharpshooter (retired) Reggie Miller
90%
magic, lakers, heat, celtics ,suns ,cavs i played for them all Shaq oneal
90%
trust the process Joel Embiid
80%
Mr fundamentals Tim Duncan
80%
the flash Dwayne Wade
60%
the alphabet Giannis Antetokounmpo
50%
cavs biggest mess up Jr Smith
50%
celtics french lick hick Larry Bird
40%
back up point guard for the lakers? Lonzo Ball
30%
Celtics comeback kid Gordon Hayward
10%
No matching quizzes found
Score Distribution
Percent of People with Each Score
Percentile by Number Answered
Your Score History
You have not taken this quiz since the last reset